[Event "Zuerich Chess Challenge Extra Rapid"]
[Site "Zuerich"]
[Date "2014.02.01"]
[Round "3"]
[White "Gelfand, Boris"]
[Black "Aronian, Levon"]
[Result "0-1"]
[WhiteElo "2777"]
[BlackElo "2812"]
[PlyCount "62"]
[EventDate "2014.01.30"]
[EventType "game (rapid)"]
[EventRounds "5"]
[EventCountry "SUI"]
[SourceTitle "CBM 158 Extra"]
[Source "ChessBase"]
[SourceDate "2014.02.28"]
[SourceVersion "1"]
[SourceVersionDate "2014.02.28"]
[SourceQuality "1"]

1. d4 Nf6 2. Nf3 d5 3. c4 e6 4. g3 c5 5. Bg2 cxd4 6. O-O Bc5 7. Nxd4 dxc4 8.
Qa4+ Qd7 9. Nb5 O-O 10. Qxc4 Qe7 11. b4 Bb6 12. a4 Bd7 13. a5 Bxf2+ 14. Kxf2
Rc8 15. Qd3 Nd5 16. Kg1 Qxb4 17. Nd4 Nc6 18. Nxc6 Bxc6 19. Qd2 Qc5+ 20. Kh1 Nf6
21. Bb2 Ng4 22. Qd4 Bxg2+ 23. Kxg2 Ne3+ 24. Kf2 Qxd4 25. Bxd4 Nxf1 26. Kxf1
Rc1+ 27. Kf2 Rac8 28. Bxa7 e5 29. Be3 Rd1 30. g4 f6 31. h3 Kf7 0-1

[Event "Lindores Abbey Tal Mem"]
[Site "Riga LAT"]
[Date "2021.11.08"]
[Round "6.23"]
[White "Ivic, Velimir"]
[Black "Aronian, L."]
[Result "0-1"]
[WhiteElo "2620"]
[BlackElo "2782"]
[PlyCount "70"]
[EventDate "2021.11.08"]
[SourceVersionDate "2018.05.14"]

1. e4 e5 2. Nf3 Nc6 3. Bb5 a6 4. Ba4 Nf6 5. O-O Bc5 6. c3 b5 7. Bc2 d5 8. a4
dxe4 9. axb5 Bg4 10. bxc6 exf3 11. gxf3 Bh3 12. Re1 O-O 13. Ra5 Qd6 14. b4
Bxf2+ 15. Kxf2 e4 16. Kg1 Rae8 17. Re3 Nh5 18. Rg5 Qh6 19. f4 Nxf4 20. Rgg3 f5
21. d4 Bg4 22. Qf1 Nh5 23. Re1 Qxc6 24. Bf4 h6 25. Qf2 Nxg3 26. hxg3 Kh7 27.
Be5 Re6 28. Nd2 Qxc3 29. Bb1 Qxb4 30. Rf1 Bh3 31. Rc1 Rg6 32. Kh2 Bg4 33. Rxc7
Qa3 34. Nxe4 fxe4 35. Qxf8 Qxf8 0-1

[Event "Lindores Abbey Tal Mem"]
[Site "Riga LAT"]
[Date "2021.11.08"]
[Round "2.2"]
[White "Neiksans, A."]
[Black "Aronian, L."]
[Result "0-1"]
[WhiteElo "2575"]
[BlackElo "2782"]
[PlyCount "54"]
[EventDate "2021.11.08"]
[SourceVersionDate "2018.05.14"]

1. e4 e5 2. Nf3 Nc6 3. Bc4 Bc5 4. O-O Nf6 5. d3 O-O 6. Re1 Ng4 7. Re2 Kh8 8. h3
f5 9. exf5 Nxf2 10. Rxf2 d5 11. Bb3 Bxf2+ 12. Kxf2 Bxf5 13. Kg1 e4 14. Bg5 Qd6
15. dxe4 Qc5+ 16. Kh2 dxe4 17. Nh4 Qe5+ 18. Kg1 Be6 19. Qh5 Qc5+ 20. Kh2 Bxb3
21. axb3 Rf1 22. Ra4 Qd6+ 23. g3 Raf8 24. Rxe4 Rxb1 25. Re2 Qd5 26. Ng2 Nd4 27.
Rf2 Nf3+ 0-1

[Event "10th London Classic 2018"]
[Site "London ENG"]
[Date "2018.12.13"]
[Round "1.5"]
[White "Aronian, L."]
[Black "Vachier Lagrave, M."]
[Result "0-1"]
[WhiteElo "2765"]
[BlackElo "2781"]
[PlyCount "110"]
[EventDate "2018.12.11"]
[EventType "k.o."]
[EventRounds "2"]
[EventCountry "ENG"]
[SourceTitle "The Week in Chess 1258"]
[Source "Mark Crowther"]
[SourceDate "2018.12.17"]
[SourceVersion "1"]
[SourceVersionDate "2018.12.17"]
[SourceQuality "2"]

1. e4 c5 2. Nf3 d6 3. Bb5+ Nd7 4. c3 Ngf6 5. Bd3 Ne5 6. Be2 Nxf3+ 7. Bxf3 e5 8.
d4 Be7 9. O-O O-O 10. Be3 b6 11. Nd2 Qc7 12. Re1 Bd7 13. a4 a6 14. b4 cxd4 15.
cxd4 Rfc8 16. h3 b5 17. axb5 Bxb5 18. Nb3 Qc2 19. d5 Qxd1 20. Rexd1 Rc4 21. Na5
Rxb4 22. Rdc1 Ra4 23. Nc6 Rxa1 24. Rxa1 Kf8 25. g3 Bd3 26. Bg5 h6 27. Bxf6 Bxf6
28. Ra3 Bb5 29. Bg4 Bd8 30. h4 Bb6 31. Rf3 Be2 32. Rb3 Bxf2+ 33. Kxf2 Bxg4 34.
Ra3 Bd7 35. Na5 Ke7 36. Rc3 Rc8 37. Rb3 Bb5 38. Rb2 Rc3 39. Nb3 g6 40. g4 Rh3
41. Nd2 Rxh4 42. Kg3 Rh1 43. Rc2 Kd7 44. Nf3 Rb1 45. Nd2 Rb4 46. Kf3 a5 47. Ke3
a4 48. Ra2 Ke7 49. Ra1 Bd7 50. Kf3 h5 51. gxh5 gxh5 52. Ra3 f5 53. exf5 Bxf5
54. Nf1 Be4+ 55. Ke2 Bxd5 0-1

[Event "Vienna Millenium"]
[Site "Vienna"]
[Date "1996.08.17"]
[Round "9"]
[White "Shirov, Alexei"]
[Black "Karpov, Anatoly"]
[Result "0-1"]
[WhiteElo "2685"]
[BlackElo "2775"]
[Annotator "Hecht,H"]
[PlyCount "80"]
[EventDate "1996.08.09"]
[EventType "tourn"]
[EventRounds "9"]
[EventCountry "AUT"]
[EventCategory "18"]
[SourceTitle "CBM 055"]
[Source "ChessBase"]
[SourceDate "1996.12.01"]
[SourceVersion "1"]
[SourceVersionDate "1996.12.01"]
[SourceQuality "1"]

1. e4 c6 2. d4 d5 3. e5 Bf5 4. Nf3 e6 5. Be2 Ne7 6. O-O c5 7. c4 Nbc6 8. Nc3
dxc4 9. dxc5 Nd5 10. Nd4 Nxc3 11. bxc3 Bxc5 12. Nxf5 exf5 13. Bxc4 Bxf2+ 14.
Kh1 Qxd1 15. Rxd1 Nxe5 16. Bb5+ Nc6 17. Ba3 f6 18. Rab1 Kf7 19. Rd7+ Kg6 20.
Rf1 Be3 21. Bd3 Ne5 22. Bxf5+ Kh6 23. Rxb7 Rab8 24. Rc7 g6 25. Bc2 f5 26. Bd6
Rbe8 27. Re1 f4 28. c4 g5 29. h3 Ng6 30. c5 Bf2 31. Rf1 Re2 32. Bxg6 Kxg6 33.
Rxa7 Rhe8 34. Re7 R8xe7 35. Bxe7 {[#] Mattangriff; konzeptlose Verteidigung 
(Zeitnot!?)} Rxa2 36. c6 Rc2 37. Rd1 $2 (37. c7 $5 Be3 38. Bd6 (38. Bd8 h5 39.
Rd1 g4 40. Rf1 g3 $19 {wegen f3}) 38... Kf5 (38... h5 39. h4) 39. g4+ Ke6 $17)
37... h6 38. Ba3 Be3 39. Rd7 h5 40. Rd1 g4 0-1

[Event "Yuri Razuvaev Mem 2020"]
[Site "chess.com INT"]
[Date "2020.11.06"]
[Round "3.1"]
[White "Nepomniachtchi, I."]
[Black "Kramnik, V."]
[Result "0-1"]
[WhiteElo "2784"]
[BlackElo "2753"]
[PlyCount "58"]
[EventDate "2020.11.06"]
[EventType "tourn (blitz)"]
[EventRounds "7"]
[EventCategory "18"]
[SourceTitle "The Week in Chess 1357"]
[Source "Mark Crowther"]
[SourceDate "2020.11.09"]
[SourceVersion "1"]
[SourceVersionDate "2020.11.09"]
[SourceQuality "2"]

1. c4 e6 2. Nf3 d5 3. e3 Nf6 4. Nc3 Be7 5. b3 O-O 6. Bb2 b6 7. cxd5 Nxd5 8. h4
Ba6 9. Be2 c5 10. Qb1 Nb4 11. Bxa6 N8xa6 12. Ke2 f5 13. a3 Nc6 14. g4 fxg4 15.
Ng5 Rxf2+ 16. Kxf2 Qxd2+ 17. Kg1 Bxg5 18. Rh2 Qxe3+ 19. Kh1 Bf4 20. Ne4 Qf3+
21. Rg2 Qh3+ 22. Kg1 Be3+ 23. Nf2 g3 24. Qe4 Bxf2+ 25. Kf1 Rc8 26. Rd1 Bd4 27.
Bxd4 Nxd4 28. Kg1 Qf5 29. Qxf5 exf5 0-1

[Event "Cannes NAO Masters"]
[Site "Cannes"]
[Date "2002.02.27"]
[Round "6"]
[White "Bareev, Evgeny"]
[Black "Morozevich, Alexander"]
[Result "0-1"]
[WhiteElo "2707"]
[BlackElo "2742"]
[Annotator "Huebner,R"]
[PlyCount "60"]
[EventDate "2002.02.22"]
[EventType "tourn"]
[EventRounds "9"]
[EventCountry "FRA"]
[EventCategory "18"]
[SourceTitle "CBM 088"]
[Source "ChessBase"]
[SourceDate "2002.03.21"]
[SourceVersion "1"]
[SourceVersionDate "2002.03.21"]
[SourceQuality "1"]

1. d4 {McShane} d5 2. c4 c6 3. Nf3 Nf6 4. e3 a6 5. Nbd2 Bf5 6. Qb3 Qc7 7. Bd3
Bg6 8. O-O e6 9. Re1 Be7 10. e4 {Der Aufbau des Weißen mutet gekünstelt an;
der Springer auf d2 sorgt für eine unharmonische Figurenaufstellung. Zum
Ausgleich genügt es.} O-O 11. e5 Nfd7 (11... Bxd3 {ist ebenfalls gut genug:}
12. Qxd3 dxc4 13. Nxc4 Nd5 14. Bg5 Bb4 15. Rec1 Re8 {mit etwa gleichem Spiel.})
12. Bxg6 hxg6 ({Die Antwort} 12... fxg6 {ist nach strategischen
Gesichtspunkten nicht ohne weiteres von der Hand zu weisen.}) 13. Nf1 Re8 14.
Bg5 Bf8 {'!' McShane. McShane: 'Given the central pawn structure, the Black
bishop is the better one. Additionally, an exchange on g5 would afford White
dangerous attacking chances with Nf3-g5 and Qb3-h3.'} 15. Ne3 dxc4 16. Qxc4 c5
17. Ng4 {Es ist nicht nötig, die Beobachtung des Punktes d5 aufzugeben.} ({Nach
} 17. b4 b6 ({Die Folge} 17... b5 18. Qc3 c4 19. d5 {führt zu deutlichem
Vorteil für Weiß.}) 18. bxc5 bxc5 19. Rac1 Nc6 20. Red1 Rec8 {dürfte die
Stellung ungefähr ausgeglichen sein.}) 17... b5 18. Qe2 c4 19. Rac1 Nc6 {
McShane: 'Now the queenside majority gives Black a positional advantage,
though Bareev's next move must be a mistake.'} 20. b3 $6 {Es ist unnötig, dem
Schwarzen einen unangenehmen Freibauern auf der c-Linie zu schenken. Nach '?'
McShane.} (20. Ne3 {ist die Stellung des Weißen befriedigend.}) 20... c3 {
'!' McShane.} 21. Qe3 (21. Rxc3 Bb4 {wins the exchange.}) 21... Rac8 22. Rxc3 {
Das Qualitätsopfer bietet die besten Aussichten; Schwarz droht mit Sc6-b4-d5
eine strategische Gewinnstellung zu erreichen. McShane: 'By now Bareev is
forced to burn bridges, as otherwise the pawn would be too strong. But
Morozevich defends extremely calmly.'} Bb4 23. Bf6 $2 {Dieser Angriffsversuch
schlägt nicht durch.} ({Nach} 23. Rc2 Bxe1 24. Qxe1 Nb6 25. Qd2 Nd5 26. Ne3 {
ist der Vorteil des Schwarzen noch nicht entscheidend.}) 23... gxf6 (23... Nxf6
{ist weniger überzeugend:} 24. exf6 Bxc3 25. fxg7 (25. Ng5 {ist unzureichend:}
Bxd4 26. Qh3 gxf6 {, und der Angriff des Weißen kommt zum Stillstand.}) 25...
Nxd4 26. Nxd4 Bxe1 27. Qh6 f5 28. Qh8+ Kf7 29. Ne5+ Ke7 30. Nxg6+ Kf7 (30...
Kd6 {führt zum Verlust:} 31. g8=Q Rxg8 32. Qe5+ Kd7 33. Qxe6+ Kd8 34. Nc6+ Qxc6
35. Qe7#) (30... Kd7 31. Nf8+ Rxf8 32. gxf8=N+ (32. gxf8=Q Bxf2+ 33. Kxf2 Qf4+
34. Nf3 Rc2+ 35. Kf1 Qc1+ 36. Ne1 Qf4+ {ergibt Unentschieden.}) 32... Kd6 (
32... Rxf8 33. Qg7+ Kd6 34. Qxc7+ Kxc7 35. Nxe6+ {und Weiß gewinnt.}) 33. Qh6
Rxf8 34. Qxf8+ Kd5 35. Nf3 {, und Weiß sollte gewinnen.}) 31. Ne5+ {mit remis
durch Dauerschach.}) 24. exf6 (24. Qh6 Bf8 {ist offensichtlich unzureichend.})
24... Qd8 {'!' McShane. McShane: 'Attacking the f6 pawn prevents Qe3-h6.'} 25.
Qg5 (25. Nh6+ Kf8 26. Nxf7 ({Nach} 26. Ng5 {folgt} Nxf6 27. Nhxf7 Qd5 {, und
Schwarz gewinnt.}) 26... Qxf6 (26... Kxf7 {führt zum Verlust:} 27. Ng5+ Kf8 (
27... Kg8 28. f7+ Kg7 29. fxe8=Q Qxe8 30. Nxe6+ Kg8 31. Qh6 Bf8 32. Qf4 {
Weiß steht auf Gewinn.}) 28. Nxe6+ Kg8 (28... Kf7 29. Qh6 {ist nicht besser
für Schwarz.}) 29. f7+ Kxf7 30. Nxd8+ Rcxd8 31. Qf4+ Nf6 32. Rxe8 Rxe8 33. Re3
{, und Weiß gewinnt.}) 27. N7e5 Ndxe5 28. Nxe5 Nxe5 29. Rxc8 Rxc8 {reicht für
Weiß auch nicht aus.}) (25. Qf4 Bxc3 26. Nh6+ Kf8 27. Qd6+ Ne7 {also gets
White nowhere.}) 25... Bxc3 26. Nh4 Bxd4 {McShane: 'Obviously Nh4xg6 must be
dealt with, so the bishop returns to guard the king.'} (26... Bd2 27. f4 (27.
Nh6+ Kf8 28. Qxg6 Qxf6 {mit leichtem Gewinn.}) (27. Qxd2 Nxf6 {, und Schwarz
siegt ohne jede Mühe.}) 27... Bc3 28. Nxg6 Bxd4+ 29. Kh1 Bxf6 {genügt auch zum
Sieg.}) (26... Bxe1 $2 27. Nxg6 Nxf6 28. Nxf6+ Qxf6 29. Qxf6 {führt nur zum
Remis.}) 27. Nh6+ (27. Nxg6 {hätte dem Schwarzen mehr Probleme bereitet, ist
aber schließlich auch hoffnungslos:} Bxf6 28. Ne7+ (28. Nxf6+ Qxf6 {and Black
wins easily again.}) (28. Nh6+ Kg7) 28... Kf8 29. Nxf6 Nxf6 30. Nxc8 Nd5 31.
Qh6+ Kg8 32. Re4 Nf4 33. h4 Ng6 34. h5 Nge5 35. Na7 Qd1+ 36. Kh2 Qg4 {usw.})
27... Kf8 (27... Kh7 {ist auch nicht schlecht.}) 28. Qxg6 Bxf2+ 29. Kh1 Qxf6
30. Qg8+ Ke7 0-1

[Event "Poikovsky Karpov 15th"]
[Site "Poikovsky"]
[Date "2014.05.14"]
[Round "4"]
[White "Bologan, Viktor"]
[Black "Nepomniachtchi, Ian"]
[Result "0-1"]
[WhiteElo "2655"]
[BlackElo "2735"]
[Annotator "Meulders,R"]
[PlyCount "78"]
[EventDate "2014.05.11"]
[EventType "tourn"]
[EventRounds "9"]
[EventCountry "RUS"]
[EventCategory "18"]
[SourceTitle "CBM 161"]
[Source "ChessBase"]
[SourceDate "2014.07.16"]
[SourceVersion "1"]
[SourceVersionDate "2014.07.16"]
[SourceQuality "1"]

1. d4 f5 2. Nf3 Nf6 3. g3 g6 4. Bg2 Bg7 5. O-O O-O 6. c3 {This can also be
played at move 4, e.g. 4.c3 Bg7 5.Qb3 Nc6 6.Nf3 d5, intending to answer 7.Bg5
with Ne4. If Black goes 6...e6 instead of 6...d5, then after 7.Bg5 it's
impossible to play ...Ne4, of course. White swaps the bishop for the knight on
f6, which in a closed position like this may favour him.} a5 {Not just
stealing some space on the queenside, but also discouraging a possible Qb3 and
exposing the drawback of not having a knight on c3.} 7. Nbd2 Nc6 8. Re1 d5 {
The advantage is that the white advance e4 is stopped for the time being, and
that Black gains space in the centre. The disadvantage is of course that the
black central squares are seriously weakened, as always in Stonewall-like
positions. You can't have your cake and eat it...} 9. Nb3 {I'm in two minds if
I should give this move an ?! It's not clear what the knight is doing here.} ({
I like} 9. a4 {stopping Black's queenside expansion and intending b3, Bb2/Ba3})
(9. c4 e6 10. b3 Ne4 11. Bb2 (11. e3 Nb4 12. Ba3 $11) (11. Ba3 Rf7 12. e3 Nb4
13. Bxb4 axb4 14. Ne5 Bxe5 15. dxe5 Rd7 16. Qc2 Qe7 $11 {1-0 (62) Ibragimov,I 
(2575)-Wall,G (2290) Fuerth 2000}) 11... a4 12. bxa4 $11) 9... Ne4 (9... b6 $5)
10. a4 e6 {Indicating that the future of Bc8 lies on the queenside, after an
eventual ...b6.} 11. Bf4 (11. h4 $5 {is certainly an option. Of course it
weakens the kingside, but it fights more for control of the black squares than
what White plays.}) 11... g5 $5 {The Dutch defence is not for the timid: Black
challenges the bishop at once at the cost of weakening the safety of his king.}
12. Be5 Bh6 $1 {White's 'bad' bishop is in the way on e5, so it's good for
Black to avoid its exchange. Since its retreat is cut off, Black can later
pick up the bishop if White should redeploy the knight on f3 (as he does).} 13.
Rf1 {Freeing the e1-square for the knight if Black were to advance the g-pawn.}
g4 14. Ne1 Nxe5 15. dxe5 {Black's opening strategy has been a success. Nb3 is
looking somewhat silly and after the cautious preparatory ...b6 he would have
a very fine game.} c5 $6 16. Bxe4 {White takes up the challenge. Otherwise
Black can simply strengthen his position with ...b6, followed by e.g. ...Ba6.
At the same time the Nb3 suddenly gets a life.} dxe4 17. Nxc5 ({And not} 17.
Qxd8 Rxd8 18. Nxc5 Rd2 $17) 17... Qb6 18. b4 (18. Nb3 Bg7 19. Qc2 Bxe5 20. Ng2
Bd7 21. Ne3 Bf6 22. Nd2 Bc6 23. Ndc4 Qc7 {and who wouldn't like this position
with Black?}) 18... Rd8 $5 (18... axb4 19. cxb4 Qxb4 20. Nd7 Bxd7 21. Qxd7 Rfe8
22. e3 Rad8 {and Black is on top. The text move leads to a much more
complicated position.}) 19. Qb3 Rd5 20. Qc4 {Here White must have already
decided to sacrifice the knight on c5.} (20. Qa3 $17) 20... Qc7 21. Nc2 (21.
Qa2 Rd2 22. Nc2 axb4 23. Nb3 Rxe2 {is terrible for White.}) 21... b6 22. Nd4
Rxe5 $6 ({Taking the knight at once is preferable:} 22... bxc5 23. Nxf5 Bg7 24.
Ne3 Rxe5 25. Nxg4 (25. b5 Bb7 26. Rad1 Qe7 27. Qb3 (27. Rd2 Bh6 28. Rfd1 Bxe3
29. fxe3 Bd5 $19) 27... Rg5 28. Rd2 Rf8 29. Rfd1 Qf6 $19) 25... Rg5 26. Qxe4
Bb7 27. Qxe6+ Kh8 28. Rad1 Rg6 $19) 23. Nb5 Qe7 {Now Black is only slightly
better.} 24. Nb3 e3 {Good but also forced: Black cannot allow a white e3.} 25.
Qd4 $6 (25. N3d4 $5 Bb7 26. f4 gxf3 27. Nxf3 Re4 28. Nfd4 {with a complicated
unclear position.}) 25... exf2+ 26. Rxf2 Re4 27. Qxb6 axb4 (27... Be3 28. Qd6
Qg5 29. Raf1 Bb7 30. Nc5 Bxf2+ 31. Rxf2 Rd8 (31... Qc1+ 32. Rf1 Qe3+ 33. Rf2
$11) 32. Nxe4 Bxe4 33. Qf4 $11) 28. cxb4 $4 (28. Nd6 $1 {would have turned the
tables:} Re5 29. Qc6 Rb8 30. Nxc8 Qd8 31. Qd6 Qxd6 32. Nxd6 bxc3 33. Nd4 Rb2
34. Nc4 {and now Black is fighting for the draw:} Re4 35. e3 Rb4 36. Nd6 Bxe3
37. Nxe4 Bxd4 38. Kf1 Bxf2 39. Nxf2 c2 40. Re1 Rxa4 41. Rc1 Rc4 42. Ke2 e5 43.
Nd3 Kg7 44. Kd2 Kf6 45. Rxc2 Rxc2+ 46. Kxc2 f4 47. gxf4 exf4 48. Nxf4 Kf5 49.
Nd3 g3 $11) 28... Be3 (28... Rxb4 $19 {is also winning outright.}) 29. N3d4 Bb7
$19 {White is a pawn up, but his position is a horrible mess.} 30. Rd1 Ra6 31.
Qc5 (31. Qc7 Qxc7 32. Nxc7 Rd6 33. Ncb5 Rd5 34. Kf1 Bxd4 {with complete
annihilation.}) 31... Qxc5 32. bxc5 Re5 33. Nd6 Ba8 34. Nc4 Bxf2+ {The
importance of taking with check!} 35. Kxf2 Rxc5 36. Ne3 Kf7 37. Nb3 Rc3 38. Nc1
Be4 39. Na2 Ra3 0-1